000 00735nam a2200193 4500
001 144417
003 ES-MaACL
005 20230906201019.0
007 t|
008 070214s1973 sp r ||||1| spa d
100 1 _aGimeno, Adelina.
_957075
245 1 0 _aSiringomielia
_b: ponencia al II Congreso Nacional de Neurología, celebrado en Zaragoza del 8 al 10 de Marzo de 1973 /
_cA. Gimeno, E. Zaragoza, H. Liaño.
260 _aZaragoza :
_b[s. n.],
_c1973 (
_fImp. Octavio y Felec)
300 _a230 p., 1 lám. col., 20 lám. ;
_c24 cm.
700 1 _aZaragoza, E.
_9118029
700 1 _aLiaño, H.
_972150
711 1 _aCongreso Nacional de Neurología (
_cZaragoza (
_d1973) (
_n. 2º)
_9546
852 _aES-MaACL
_jC-51969
_bR.85582
999 _c144417
_d144417